[Event "Lippe Cup-B 07th"]
[Site "Lieme"]
[Date "2010.10.17"]
[Round "5"]
[White "Wangert, Herbert"]
[Black "Abbasov, Amil"]
[Result "1-0"]
[WhiteElo "1576"]
[BlackElo "1150"]
[PlyCount "89"]
[EventDate "2010.10.15"]
[EventType "swiss"]
[EventRounds "5"]
[EventCountry "GER"]
[SourceTitle "EXT 2012"]
[Source "ChessBase"]
[SourceDate "2011.11.24"]
[SourceVersion "1"]
[SourceVersionDate "2011.11.24"]
[SourceQuality "1"]

1. Nf3 Nf6 2. g3 d6 3. d4 g6 4. Bg2 Bg7 5. c4 h6 6. 0-0 Nfd7 7. Nc3 Nc6 8. e3 e5 9. d5 Ne7 10. e4 0-0 11. Nh4 f5 12. exf5 gxf5 13. Qe2 Rf7 14. Bf3 Rf8 15. Kh1 Nf6 16. Rg1 e4 17. Bg2 b6 18. Bf4 Ba6 19. Rad1 Ng4 20. Nxf5 Nxf5 21. Qxg4 Bxc4 22. Bxe4 Qf6 23. Bb1 Qf7 24. Rge1 Kh8 25. Re4 Ba6 26. Ree1 Bc8 27. Qf3 Bb7 28. Qd3 Bxc3 29. Qxc3+ Qg7 30. Bxf5 Qxc3 31. bxc3 Rxf5 32. c4 h5 33. Re7 Rc8 34. Bxd6 cxd6 35. Rxb7 Rxc4 36. Rxa7 Rc5 37. Ra6 Rfxd5 38. Rxd5 Rxd5 39. Rxb6 Kg7 40. a4 Kf7 41. Rb5 Rc5 42. Rxc5 dxc5 43. Kg1 c4 44. Kf1 c3 45. Ke1 1-0

[Event "Lippe Cup 06th"]
[Site "Lieme"]
[Date "2009.10.17"]
[Round "3"]
[White "Wangert, Herbert"]
[Black "Rusinov, Alexander"]
[Result "1/2-1/2"]
[WhiteElo "1593"]
[BlackElo "1359"]
[PlyCount "92"]
[EventDate "2009.10.16"]
[EventType "swiss"]
[EventRounds "5"]
[EventCountry "GER"]
[SourceTitle "EXT 2012"]
[Source "ChessBase"]
[SourceDate "2011.11.24"]
[SourceVersion "1"]
[SourceVersionDate "2011.11.24"]
[SourceQuality "1"]

1. e4 c5 2. Nf3 d6 3. d4 cxd4 4. Nxd4 Nf6 5. Bd3 g6 6. Be3 Bg7 7. f3 0-0 8. g4 Nc6 9. c3 d5 10. g5 Ne8 11. Nxc6 bxc6 12. Qa4 Qd7 13. Nd2 Nc7 14. 0-0-0 e5 15. Nb3 Ne6 16. h4 d4 17. Bc4 c5 18. Bb5 Qc7 19. Bd2 Rd8 20. c4 Qd6 21. Ba5 Rf8 22. Bc6 Rb8 23. Bd5 Bd7 24. Qa3 Rfc8 25. Be1 Nc7 26. Qxc5 Qxc5 27. Nxc5 Nxd5 28. Nxd7 Rxc4+ 29. Kb1 Nc3+ 30. Bxc3 dxc3 31. Nxb8 c2+ 32. Ka1 cxd1Q+ 33. Rxd1 f5 34. Kb1 fxe4 35. fxe4 Rxe4 36. Rd8+ Kf7 37. Rd7+ Kg8 38. Re7 Rxh4 39. Nc6 e4 40. b4 Bf8 41. Rxa7 e3 42. Ne5 Rxb4+ 43. Kc2 e2 44. Nd3 Re4 45. Ne1 Bb4 46. Ra4 Rd4 1/2-1/2

[Event "Lippe Cup 06th"]
[Site "Lieme"]
[Date "2009.10.16"]
[Round "1"]
[White "Wangert, Herbert"]
[Black "Boehm, Jana"]
[Result "1-0"]
[WhiteElo "1593"]
[BlackElo "1294"]
[PlyCount "57"]
[EventDate "2009.10.16"]
[EventType "swiss"]
[EventRounds "5"]
[EventCountry "GER"]
[SourceTitle "EXT 2013"]
[Source "ChessBase"]
[SourceDate "2012.11.22"]
[SourceVersion "1"]
[SourceVersionDate "2012.11.22"]
[SourceQuality "1"]

1. e4 e6 2. d4 d5 3. Nc3 Bb4 4. e5 c5 5. Nf3 Nc6 6. dxc5 Bxc5 7. Bd3 Qc7 8. Bf4 Bd7 9. a3 0-0-0 10. 0-0 Nge7 11. Bg3 Ng6 12. b4 Bb6 13. Nb5 Qb8 14. Nd6+ Kc7 15. Nxf7 Rdf8 16. Nxh8 Rxh8 17. c4 dxc4 18. Bxc4 Kc8 19. Rc1 Rd8 20. b5 Ncxe5 21. Bxe6+ Bc7 22. Bxd7+ Rxd7 23. Qb3 Nxf3+ 24. Qxf3 Kd8 25. Bxc7+ Rxc7 26. Qd5+ Ke8 27. Rfe1+ Kf8 28. Qd6+ Kg8 29. Rxc7 1-0

[Event "Lippe Cup 05th"]
[Site "Lieme"]
[Date "2008.09.27"]
[Round "3"]
[White "Wangert, Herbert"]
[Black "Tran, Duc Cuong"]
[Result "0-1"]
[WhiteElo "1593"]
[BlackElo "1776"]
[PlyCount "48"]
[EventDate "2008.09.26"]
[EventType "swiss"]
[EventRounds "5"]
[EventCountry "GER"]
[SourceTitle "EXT 2012"]
[Source "ChessBase"]
[SourceDate "2011.11.24"]
[SourceVersion "1"]
[SourceVersionDate "2011.11.24"]
[SourceQuality "1"]

1. Nf3 Nf6 2. c4 e6 3. d4 b6 4. g3 Bb7 5. Bg2 c5 6. e3 Be7 7. 0-0 0-0 8. b3 Qc7 9. Bb2 d6 10. Nbd2 Nbd7 11. Qc2 Rfd8 12. Rfe1 Rac8 13. Rad1 a6 14. e4 cxd4 15. Nxd4 Bf8 16. Ba3 b5 17. Qd3 bxc4 18. bxc4 Ne5 19. Qe2 Qa5 20. f4 Qxa3 21. fxe5 dxe5 22. N4f3 Bc5+ 23. Kh1 Ng4 24. Rf1 Ne3 0-1